• 首页
  • 本馆介绍
  • 公告通知
  • 最新文献
  • 馆藏检索
  • 电子资源
  • 读者导购
  • 参考咨询
  • 我的图书馆
  • 登录
  • 详细信息显示
  • 放入我的书架
  • 预约/预借图书
  • 作者相关作品
  • 分类相关作品
  • 丛书相关作品
  • 出版社相关作品

书目信息

  • 表格格式
  • 工作单格式
  • 卡片格式
题名:
25Hz相敏轨道电路技术与应用
    
 
作者: 陈建译 , 陈习莲 编著
分册:  
出版信息: 北京   中国铁道出版社  2013
页数: 256页
开本: 23cm
丛书名:
单 册:
中图分类: U284.23
科图分类:
主题词: 相敏轨道电路
电子资源:
ISBN: 978-7-113-15769-2
000 01008nam0 2200229 450
001 3591
005 20160927091429.96
010    @a978-7-113-15769-2@b平装@dCNY40.00
100    @a20130527d2013 em y0chiy50 ea
101 0  @achi
102    @aCN@b110000
105    @ay z 000yy
200 1  @a25Hz相敏轨道电路技术与应用@925Hz xiang min gui dao dian lu ji shu yu ying yong@f陈建译,陈习莲编著
210    @a北京@c中国铁道出版社@d2013
215    @a256页@d23cm
330    @a本书介绍了25Hz相敏轨道电路的特点、工作原理、25Hz变频器和电源屏、专用器材的技术条件和测试方法、设计和开通方法,解决冲击干扰的97型和扼流适配变压器型25 Hz相敏轨道电路,解决分路不良的3V化、UI型25Hz相敏轨道电路和多特征、高压脉冲轨道电路,改进型25Hz相敏轨道电路。同时介绍了站内电码化、电气化干扰及防护、典型故障处理等内容。
606 0  @a相敏轨道电路
690    @aU284.23@v5
701  0 @a陈建译@9chen jian yi@f(1964~)@4编著
701  0 @a陈习莲@9chen xi lian@4编著
801  0 @aCN@b唐山师范学院图书馆@c20151001
905    @aZUCC@dU284.23@e329
    
    25Hz相敏轨道电路技术与应用/陈建译,陈习莲编著.-北京:中国铁道出版社,2013
    256页;23cm
    
    
    ISBN 978-7-113-15769-2(平装):CNY40.00
    本书介绍了25Hz相敏轨道电路的特点、工作原理、25Hz变频器和电源屏、专用器材的技术条件和测试方法、设计和开通方法,解决冲击干扰的97型和扼流适配变压器型25 Hz相敏轨道电路,解决分路不良的3V化、UI型25Hz相敏轨道电路和多特征、高压脉冲轨道电路,改进型25Hz相敏轨道电路。同时介绍了站内电码化、电气化干扰及防护、典型故障处理等内容。
●
相关链接 在E读中查询图书 在五车中查询图书 在当当中查询图书 在豆瓣中查询图书


正题名:25Hz相敏轨道电路技术与应用     索取号:U284.23/329         预约/预借

序号 登录号 条形码 馆藏地/架位号 状态 备注
1 905325   209053254   第二样本阅览室/ [索取号:U284.23/329] 在馆    
2 905326   209053263   第三借阅区/ [索取号:U284.23/329] 在馆    
3 905327   209053272   第三借阅区/ [索取号:U284.23/329] 在馆    
4 905328   209053281   第三借阅区/ [索取号:U284.23/329] 在馆    
5 905329   209053290   密集书库-物理学院/ [索取号:U284.23/329] 在馆    
唐山师范学院图书馆 欢迎您!
大连网信软件有限公司© 版权所有